Missionaries and a Hindu State (Record no. 12212)

MARC details
000 -LEADER
fixed length control field 00678nam a2200253 a 4500
020 ## - INTERNATIONAL STANDARD BOOK NUMBER
ISBN
082 00 - DEWEY DECIMAL CLASSIFICATION NUMBER
Classification number 305.6945008
Author Cutter KAW
100 ## - MAIN ENTRY--AUTHOR NAME
Author name Kawashima, Koji
245 ## - TITLE STATEMENT
Title Missionaries and a Hindu State
Sub title Travancore 1858-1936.
260 ## - PUBLICATION, DISTRIBUTION, ETC. (IMPRINT)
Place of publication Londan
Name of publisher Oxford University Press
Year of publication 1998
300 ## - PHYSICAL DESCRIPTION
Number of Pages 252p.
500 ## - GENERAL NOTE
General note includes index and biblioraphy
505 2# - FORMATTED CONTENTS NOTE
Formatted contents note Index
650 ## - SUBJECT ADDED ENTRY--TOPICAL TERM
Topical Term Hinduism-Relations-Christianity
650 ## - SUBJECT ADDED ENTRY--TOPICAL TERM
Topical Term Travancore 1858-1936-missions
942 ## - ADDED ENTRY ELEMENTS (KOHA)
Koha item type Books
700 1# -
-- Kawashima, Koji
Holdings
Collection code Home library Current library Date acquired Cost, normal purchase price Full call number Accession Number Koha item type
  Henry Martyn Institute Library Henry Martyn Institute Library 03/28/2007 450.00 305.6945008 KAW 018428 Books
                   Copyright © 2026 | Henry Martyn Institute | Hyderabad | TS-500052 | INDIA | Implemented by hmi.edu.in
Hit-Count:

Powered by Koha